<?xml version="1.0" encoding="UTF-8"?>
<record
    xmlns:xsi="http://www.w3.org/2001/XMLSchema-instance"
    xsi:schemaLocation="http://www.loc.gov/MARC21/slim http://www.loc.gov/standards/marcxml/schema/MARC21slim.xsd"
    xmlns="http://www.loc.gov/MARC21/slim">

  <leader>00964nam a2200205 i 4500</leader>
  <controlfield tag="001">160986</controlfield>
  <controlfield tag="003">ES-MaACL</controlfield>
  <controlfield tag="005">20231226174859.0</controlfield>
  <controlfield tag="008">940301s1889    sp           |||| | spa</controlfield>
  <datafield tag="100" ind1="1" ind2=" ">
    <subfield code="a">Olmedilla y Puig, Joaqu&#xED;n,</subfield>
    <subfield code="d">1842-1914</subfield>
    <subfield code="9">86949</subfield>
  </datafield>
  <datafield tag="245" ind1="1" ind2="0">
    <subfield code="a">Bosquejo biogr&#xE1;fico del popular escritor de costumbres D. Ram&#xF3;n de Mesonero Romanos (El Curioso Parlante) / </subfield>
    <subfield code="c">por Joaqu&#xED;n Olmedilla y Puig.</subfield>
  </datafield>
  <datafield tag="260" ind1=" " ind2=" ">
    <subfield code="a">Madrid : </subfield>
    <subfield code="b">[s.n.], </subfield>
    <subfield code="c">1889 (</subfield>
    <subfield code="f">Tip. de Manuel G. Hernandez)</subfield>
  </datafield>
  <datafield tag="300" ind1=" " ind2=" ">
    <subfield code="a">56 p., [1] h. de l&#xE1;m. ; </subfield>
    <subfield code="c">23 cm.</subfield>
  </datafield>
  <datafield tag="530" ind1=" " ind2=" ">
    <subfield code="a">Disponible en formato digital.</subfield>
  </datafield>
  <datafield tag="599" ind1=" " ind2=" ">
    <subfield code="a">L&#xE1;m. lit.: retrato de Mesonero Romanos.</subfield>
  </datafield>
  <datafield tag="600" ind1="1" ind2="4">
    <subfield code="a">Mesonero Romanos, Ram&#xF3;n de,</subfield>
    <subfield code="d">1803-1882</subfield>
    <subfield code="9">80672</subfield>
  </datafield>
  <datafield tag="852" ind1=" " ind2=" ">
    <subfield code="a">ES-MaACL</subfield>
    <subfield code="j">T-534-F-4    </subfield>
    <subfield code="z">- Enc. hol. conservando cub. original</subfield>
    <subfield code="z">- Ded. ms. del autor al presidente del Ateneo    </subfield>
    <subfield code="z">- Enc. en un vol. facticio</subfield>
  </datafield>
  <datafield tag="856" ind1=" " ind2=" ">
    <subfield code="u">https://archive.org/details/bosquejobiogrfic00olme </subfield>
    <subfield code="z">Internet Archive</subfield>
  </datafield>
  <datafield tag="999" ind1=" " ind2=" ">
    <subfield code="c">160986</subfield>
    <subfield code="d">160986</subfield>
  </datafield>
  <datafield tag="952" ind1=" " ind2=" ">
    <subfield code="0">0</subfield>
    <subfield code="1">0</subfield>
    <subfield code="4">0</subfield>
    <subfield code="7">0</subfield>
    <subfield code="8">Colecci&#xF3;n_de_folletos</subfield>
    <subfield code="a">ATENEOM</subfield>
    <subfield code="b">ATENEOM</subfield>
    <subfield code="c">DEPOF</subfield>
    <subfield code="d">2008-01-17</subfield>
    <subfield code="l">0</subfield>
    <subfield code="o">T-534-F-4</subfield>
    <subfield code="p">1168598</subfield>
    <subfield code="r">2023-02-23 00:00:00</subfield>
    <subfield code="w">2023-02-23</subfield>
    <subfield code="y">FOLLETOS</subfield>
  </datafield>
</record>
